00874nam a2200217 a 450000100100000000500170001000800410002704000250006824500960009326000420018930000280023149000300025950000480028970000430033770000380038070000410041870000390045983000360049895201050053499900170063900004570420201002052410.0150429s1987 dr a 000 0 spa d aDO-SdBNPbspacBNPHU00aLengua española :bcomprensión y expresión /cYolanda Fernández de Perdomo [et.al]. aSanto Domingo :bAlfa & Omega,c1987. a227 p. :bil. ;c28 cm.1 aExperiencias didácticas aIncluye datos biografícos de los autores.1 aFernández de Perdomo, Yolanda9366861 aNivar de Fernández, Nora9366871 aPereyra de Torres, Ana Teresa9366941 aDíaz de Pérez, Cristina936695 0aExperiencas didácticas973762 0010718PDaPDbPDcHDd2015-04-29iLF1l0o p45704-10r2020-06-25w2020-06-25yLFPDZNo se presta c45193d45193